000 01883nam a2200421Ia 4500
001 ebr10179780
003 CaPaEBR
006 m u
007 cr cn|||||||||
008 030904s2005 ilua sbf 001 0 eng d
010 _z 2003062371
020 _z0838998135
020 _z0838908799 (alk. paper)
020 _z1584561181
040 _aCaPaEBR
_cCaPaEBR
035 _a(OCoLC)299752170
050 1 4 _aZ701
_b.B234 2005eb
082 0 4 _a025.8/4
_222
100 1 _aBalloffet, Nelly.
245 1 0 _aPreservation and conservation for libraries and archives
_h[electronic resource] /
_cNelly Balloffet and Jenny Hille ; Judith Reed, technical editor ; Jenny Hille, illustrator.
260 _aChicago :
_bAmerican Library Association,
_cc2005.
300 _axix, 214 p. :
_bill.
504 _aIncludes bibliographical references (p. 204-207) and index.
533 _aElectronic reproduction.
_bPalo Alto, Calif. :
_cebrary,
_d2009.
_nAvailable via World Wide Web.
_nAccess may be limited to ebrary affiliated libraries.
650 0 _aLibrary materials
_xConservation and restoration
_vHandbooks, manuals, etc.
650 0 _aArchival materials
_xConservation and restoration
_vHandbooks, manuals, etc.
650 0 _aLibrary materials
_xStorage
_vHandbooks, manuals, etc.
650 0 _aArchival materials
_xStorage
_vHandbooks, manuals, etc.
650 0 _aPaper
_xPreservation
_vHandbooks, manuals, etc.
650 0 _aBooks
_xConservation and restoration
_vHandbooks, manuals, etc.
650 0 _aLibrary exhibits
_vHandbooks, manuals, etc.
650 0 _aArchives
_xExhibitions
_vHandbooks, manuals, etc.
655 7 _aElectronic books.
_2local
700 1 _aHille, Jenny.
700 1 _aReed, Judith A.
710 2 _aebrary, Inc.
856 4 0 _uhttp://site.ebrary.com/lib/rucke/Doc?id=10179780
_zAn electronic book accessible through the World Wide Web; click to view
999 _c240121
_d240121